Southville International School and Colleges
Your cart is empty.
  • Cart
  • Lists
    Public lists Eva Luna New books Lux_list list_1
    Your lists Log in to create your own lists
  • Log in to your account
  • Your cookies
  • Search history
Southville International School and Colleges
  • Advanced search
  • Recent comments
  • Most popular
  • Libraries

Log in to your account

Log in with GOOGLE


If you do not have an external account, but do have a local account, you can still log in:

  1. Home
  2. MARC view: Difficult personalities :
Normal view MARC view ISBD view

Difficult personalities : (Record no. 363133)

[ view plain ]
MARC details
000 -LEADER
fixed length control field 00718nam a2200241Ia 4500
008 - FIXED-LENGTH DATA ELEMENTS--GENERAL INFORMATION
fixed length control field 191119s9999 xx 000 0 und d
020 ## - INTERNATIONAL STANDARD BOOK NUMBER
International Standard Book Number 978-1-61519-013-3
050 ## - LIBRARY OF CONGRESS CALL NUMBER
Classification number MAIN BF 637.I48
050 ## - LIBRARY OF CONGRESS CALL NUMBER
Item number .M34 2010
100 ## - MAIN ENTRY--PERSONAL NAME
Personal name McGrath, Helen.
245 #0 - TITLE STATEMENT
Title Difficult personalities :
245 #2 - TITLE STATEMENT
Remainder of title a practical guide to managing the hurtful behavior of others (and maybe your own) /
245 #0 - TITLE STATEMENT
Statement of responsibility, etc Helen McGrath and Hazel Edwards.
260 ## - PUBLICATION, DISTRIBUTION, ETC. (IMPRINT)
Place of publication, distribution, etc New York :
260 ## - PUBLICATION, DISTRIBUTION, ETC. (IMPRINT)
Name of publisher, distributor, etc Experiment,
260 ## - PUBLICATION, DISTRIBUTION, ETC. (IMPRINT)
Date of publication, distribution, etc 2010
300 ## - PHYSICAL DESCRIPTION
Extent 285 pages :
300 ## - PHYSICAL DESCRIPTION
Dimensions 20 cm.
650 ## - SUBJECT ADDED ENTRY--TOPICAL TERM
Topical term or geographic name as entry element Behavior modification.
650 ## - SUBJECT ADDED ENTRY--TOPICAL TERM
Topical term or geographic name as entry element Social interaction.
650 ## - SUBJECT ADDED ENTRY--TOPICAL TERM
General subdivision Communication -- Social aspects.
650 ## - SUBJECT ADDED ENTRY--TOPICAL TERM
General subdivision Interpersonal conflict.
Holdings
Withdrawn status Lost status Damaged status Home library Current library Shelving location Date acquired Cost, normal purchase price Total Checkouts Full call number Barcode Date last seen Price effective from Koha item type
      South Mansfield College South Mansfield College   09/09/2019 657.60   MAIN BF 637.I48 .M34 2010 SMC06268 06/01/2020 06/01/2020  

Difficult personalities :

APA

McGrath H., .Difficult personalities. New York: .

Chicago

McGrath Helen, .Difficult personalities. New York: .

Harvard

McGrath H., .Difficult personalities. New York: .

MLA

McGrath Helen, .New York: . .

  • Place hold
  • Print
  • Cite
  • Add to your cart (remove)
  • Save record
    BIBTEX Dublin Core MARCXML MARC (non-Unicode/MARC-8) MARC (Unicode/UTF-8) MARC (Unicode/UTF-8, Standard) MODS (XML) RIS
  • More searches
    Search for this title in:
    Other Libraries (WorldCat) Other Databases (Google Scholar) Online Stores (Bookfinder.com) Open Library (openlibrary.org)

Exporting to Dublin Core...

SOUTHVILLE LIBRARY

Southville International School and Colleges Library

1281 Tropical Ave. Cor. Luxembourg St., BF Homes International, Las Pinas City

Tel. No. 8256374 / 252358 Loc. 117/146

Powered by Koha